| 000 | 00623nam a2200205 a 4500 | ||
|---|---|---|---|
| 999 |
_c7356 _d7356 |
||
| 003 | BD-JhCC | ||
| 005 | 20180212104613.0 | ||
| 008 | 180208s1988 ii a|||| ||a| 000 0 ben d | ||
| 035 | _a(BD-JhCC) | ||
| 040 |
_aBD-JhCC _dBD-JhCC |
||
| 041 | _aben | ||
| 082 |
_a581 _bUID 1988 |
||
| 245 |
_aউদ্ভিদবিজ্ঞান / _cদেবব্রত মিত্র...[et.all] |
||
| 260 |
_aকলিকাতা : _bমৌলিক লাইব্রেরী, _c1988 |
||
| 300 |
_a932 p. : _c24 cm. |
||
| 650 | _aBotany | ||
| 700 | _aমিত্র, দেবব্রত | ||
| 942 |
_2ddc _cBK |
||